[Event "Burgos Intercajas"]
[Site "Burgos"]
[Date "2011.10.25"]
[Round "3.3"]
[White "Rico Sanchez, Julio"]
[Black "Martinez Morales, Antonio"]
[Result "1-0"]
[WhiteElo "2036"]
[BlackElo "1996"]
[PlyCount "97"]
[EventDate "2011.10.23"]
[EventType "swiss"]
[EventRounds "6"]
[EventCountry "ESP"]
[SourceTitle "EXT 2024"]
[Source "ChessBase"]
[SourceDate "2023.10.10"]
[SourceVersion "1"]
[SourceVersionDate "2023.10.10"]
[SourceQuality "1"]
[WhiteTeam "Caja Mediterano"]
[BlackTeam "Castilla La Mancha"]
[WhiteTeamCountry "ESP"]
[BlackTeamCountry "ESP"]

1. d4 Nf6 2. Nf3 g6 3. c4 Bg7 4. Nc3 0-0 5. e4 d6 6. Be2 e5 7. d5 a5 8. Bg5 Nbd7 9. Qd2 Nc5 10. Qc2 Bd7 11. Nd2 h6 12. Be3 b6 13. h3 Ne8 14. g4 f5 15. gxf5 gxf5 16. 0-0-0 f4 17. Bxc5 bxc5 18. Bg4 Nf6 19. Bxd7 Qxd7 20. Rdg1 Kh7 21. Nf3 Rg8 22. Nh4 Bh8 23. Nf5 Rxg1+ 24. Rxg1 Rg8 25. Qd1 Qf7 26. f3 Nh5 27. Qe1 Ng7 28. Nxg7 Bxg7 29. Rg4 Bf6 30. Qg1 Rxg4 31. Qxg4 Qg7 32. Kd1 Qxg4 33. hxg4 Kg6 34. Nb5 Bd8 35. a4 Kf7 36. Na7 Ke8 37. Nc6 Kd7 38. Nxa5 Kc8 39. Nc6 Bh4 40. Kc2 Kb7 41. Kb3 Ka6 42. a5 Be1 43. Ka4 Bd2 44. Ne7 Bxa5 45. Nf5 Be1 46. Nxh6 Bh4 47. Nf7 Kb6 48. g5 Kb7 49. Kb5 1-0

[Event "Burgos Intercajas"]
[Site "Burgos"]
[Date "2011.10.24"]
[Round "2.3"]
[White "Marrugat Vall, Jaume"]
[Black "Martinez Morales, Antonio"]
[Result "0-1"]
[WhiteElo "1869"]
[BlackElo "1996"]
[PlyCount "50"]
[EventDate "2011.10.23"]
[EventType "swiss"]
[EventRounds "6"]
[EventCountry "ESP"]
[SourceTitle "EXT 2024"]
[Source "ChessBase"]
[SourceDate "2023.10.10"]
[SourceVersion "1"]
[SourceVersionDate "2023.10.10"]
[SourceQuality "1"]
[WhiteTeam "Sabadell Coral Colon"]
[BlackTeam "Castilla La Mancha"]
[WhiteTeamCountry "ESP"]
[BlackTeamCountry "ESP"]

1. d4 Nf6 2. Nc3 d5 3. e4 Nxe4 4. Nxe4 dxe4 5. Ne2 Bg4 6. g3 Bf3 7. Rg1 e6 8. Bg2 Bxg2 9. Rxg2 Nc6 10. Be3 Be7 11. a3 Bf6 12. Qd2 Qd7 13. g4 h6 14. 0-0-0 0-0-0 15. c3 Na5 16. Qc2 Qd5 17. Ng3 Be7 18. Nxe4 Nc4 19. Rg3 g5 20. h3 f5 21. gxf5 exf5 22. Nd2 f4 23. Rf3 fxe3 24. fxe3 Nxd2 25. Qxd2 Qxf3 0-1